00605nas a2200193Ia 4500001002800000003001000028005001700038008004100055040002500096041001300121100002600134245010000160250004100260260000900301300001300310500005800323650001700381654001300398A50/R028-11871 [r000009161]IT-MiCISF20230302154200.0161014c99999999xx |||||||||||| ||und|| aIT-MiCISFcIT-MiCISF aitaliano aDi Pietro Maria Luisa 0aFecondazione artificiale e frammentazione della maternità€: considerazioni etiche e giuridiche a"La famiglia", n. 154, luglio-agosto c1992 app. 5-19 aprocreazione-artificiale, maternità€, etica, diritto aProcreazione aarticolo